Catalog

Record Details

Catalog Search



DAWGS : a true story of lost animals and the kids who rescued them  Cover Image Book Book

DAWGS : a true story of lost animals and the kids who rescued them / Diane Trull with Meredith Wargo.

Trull, Diane, (author.). Wargo, Meredith, (author.).

Summary:

Elementary-school teacher Diane Trull's life-defining moment happened when her fourth-grade reading class saw a photo of a cardboard box overflowing with homeless puppies. Trull was no stranger to rescuing abandoned animals. She and her husband Mark had made it their mission to find permanent homes for stray dogs and cats. Now her young students were determined to save these lost pups and others like them. And in that moment, the Dalhart Animal Wellness Group and Sanctuary--known as DAWGS--was born. How Trull and her fourth graders started their own animal shelter is a story of dedication, commitment, and perseverance. In this eye-opening, deeply personal book, Trull describes the challenges they faced, from rescuing and caring for the animals to teaching children about compassion and responsibility, to facing local interests opposed to having a shelter in their town. She shares inspiring stories about animals and animal lovers of all ages in this moving story of hope and compassion. DAWGS is a testament to how love and a strong measure of determination can offer second chances--one animal, one child, and one day at a time.

Record details

  • ISBN: 9780806540344
  • ISBN: 0806540346
  • Physical Description: ix, 256 pages, 16 unnumbered pages of plates : illustrations (some color) ; 21 cm
  • Publisher: New York, NY : Citadel Press, Kensington Publishing Corp., [2020]
Subject: DAWGS (Animal shelter)
Animal shelters > Texas > Dalhart.
Pet adoption > Texas > Dalhart.
Volunteer workers in animal shelters > Texas > Dalhart.
School children > Texas > Dalhart.
Animal rescue.
Genre: Memoir
Nonfiction
Biography Memoir
Personal narratives.

Available copies

  • 1 of 1 copy available at scottsboropl.

Holds

  • 0 current holds with 1 total copy.
Show Only Available Copies
Location Call Number / Copy Notes Barcode Shelving Location Status Due Date
scottsboropl 636.7 Tru 32269001228892 Adult - Nonfiction Available -

LDR 02332cam a2200541 i 4500
001159542
003SBPL
00520221129153058.0
008210316s2020 nyuaf 000 0 eng d
010 . ‡a 2021285020
020 . ‡a9780806540344 ‡q(pbk.)
020 . ‡a0806540346 ‡q(pbk.)
020 . ‡z978080654035I ‡q(e-book)
020 . ‡z0806540354 ‡q(e-book)
035 . ‡a(OCoLC)1107442397 ‡z(OCoLC)1163788771
05000. ‡aSF411.36.U6 ‡bT78 2020
08204. ‡a636.7 ‡223
1001 . ‡aTrull, Diane, ‡eauthor.
24510. ‡aDAWGS : ‡ba true story of lost animals and the kids who rescued them / ‡cDiane Trull with Meredith Wargo.
24630. ‡aTrue story of lost animals and the kids who rescued them
264 1. ‡aNew York, NY : ‡bCitadel Press, Kensington Publishing Corp., ‡c[2020]
300 . ‡aix, 256 pages, 16 unnumbered pages of plates : ‡billustrations (some color) ; ‡c21 cm
336 . ‡atext ‡btxt ‡2rdacontent
337 . ‡aunmediated ‡bn ‡2rdamedia
338 . ‡avolume ‡bnc ‡2rdacarrier
520 . ‡aElementary-school teacher Diane Trull's life-defining moment happened when her fourth-grade reading class saw a photo of a cardboard box overflowing with homeless puppies. Trull was no stranger to rescuing abandoned animals. She and her husband Mark had made it their mission to find permanent homes for stray dogs and cats. Now her young students were determined to save these lost pups and others like them. And in that moment, the Dalhart Animal Wellness Group and Sanctuary--known as DAWGS--was born. How Trull and her fourth graders started their own animal shelter is a story of dedication, commitment, and perseverance. In this eye-opening, deeply personal book, Trull describes the challenges they faced, from rescuing and caring for the animals to teaching children about compassion and responsibility, to facing local interests opposed to having a shelter in their town. She shares inspiring stories about animals and animal lovers of all ages in this moving story of hope and compassion. DAWGS is a testament to how love and a strong measure of determination can offer second chances--one animal, one child, and one day at a time.
61020. ‡aDAWGS (Animal shelter)
650 0. ‡aAnimal shelters ‡zTexas ‡zDalhart.
650 0. ‡aPet adoption ‡zTexas ‡zDalhart.
650 0. ‡aVolunteer workers in animal shelters ‡zTexas ‡zDalhart.
650 0. ‡aSchool children ‡zTexas ‡zDalhart.
650 7. ‡aAnimal rescue. ‡2fast ‡0(OCoLC)fst00809362
6550 . ‡a Memoir
6550 . ‡aNonfiction
6550 . ‡aBiography Memoir
655 7. ‡aPersonal narratives. ‡2lcgft
7001 . ‡aWargo, Meredith, ‡eauthor.
901 . ‡a159542 ‡b ‡c159542 ‡tbiblio

Additional Resources